Statistiques concernant Les 8 langues les plus parlées au monde

Cliquez ici pour prendre le quiz!

Statistiques générales

  • Ce quiz a été pris 199 fois
  • Le résultat moyen est 6 sur 8

Statistiques - réponses

HintRéponse% Correct
1Anglais (1, 348 milliard)
100%
4Espagnol (543 millions)
98%
7Français (267 millions)
98%
2Chinois mandarin (1,120 milliard)
94%
5Arabe (274 millions)
83%
8Russe (258 millions)
74%
3Hindi (600 million)
45%
6Bengali (268 millions)
12%

Distribution des résultats

Percentile par nombre de réponses

% des personnes avec chaque résultat

Votre développement - résultats

Vous n’avez pas pris ce quiz